000 01117nam a2200253Ia 4500
999 _c55912
_d55912
001 23010
003 GE_BSU
005 20230616102455.0
008 181216s ||||ge |||||||||||||| ||geo||
040 _cGE_BSU
041 _ageo
080 _a821.353.1.09 + 008(479.22)(09) ნ-63
100 _aმენაბდე, ლ.
_914531
245 _aძველი ქართული მწერლობის კერები. ტ. 1. ნაკვ. 1 /
_cლ. მენაბდე ; რედ. კ. კეკელიძე.
264 _aთბილისი :
_b[?],
_c1962.
300 _a383 გვ. ;
_c26 სმ.
504 _aბიბლიოგრ. შენიშვნებში
541 _h5ლ. 08თ.
653 _aძელი ქართული მწვერლობის კერები. ტ. 1. ნაკვ. 1
653 _aძველი ქართული მწერლობა
653 _a ქართული კულტურის კერები
700 _aკეკელიძე, კ.
_eრედაქტორი
_93519
942 _cBK
_2udc